[Event "9th Sharjah Cup Women 2018"]
[Site "Sharjah"]
[Date "2018.12.15"]
[Round "3"]
[White "Abdulla, Khayala"]
[Black "Socko, Monika"]
[Result "1-0"]
[WhiteElo "2190"]
[BlackElo "2458"]
[Annotator "TA"]
[PlyCount "78"]
[EventDate "2018.12.14"]
[EventType "swiss"]
[EventCountry "UAE"]
[SourceTitle "playchess.com"]
[Source "ChessBase"]
[SourceQuality "1"]

{[%evp 21,78,23,30,30,27,22,31,25,28,17,19,16,37,38,50,14,95,58,61,28,33,0,0,0,0,0,0,-37,-23,-34,-26,-35,-20,-219,-249,-237,-247,-357,-375,-333,-327,-322,-341,-523,-514,-502,-488,-466,-347,-298,-98,-95,0,0,0,0,0,-8,-6]} 1. e4 c6 2. d4 d5 3. Nc3 dxe4 4. Nxe4 Nd7 5. Bc4 Ngf6 6. Nxf6+ Nxf6 7. Nf3 Bf5 8. O-O e6 9. c3 Be7 10. Ne5 Nd7 {B17: Caro-Kann: Modern Line (4...Nd7)} 11. Bf4 {[%cal Bc1f4,Bf4g3,Bg3h4][%mdl 32]} O-O {LiveBook: 6 Games} 12. Re1 (12. Qf3 Nxe5 13. Bxe5 Bd6 14. Rfe1 Bxe5 15. Rxe5 Qb6 16. Qe2 a5 17. Re1 a4 18. g4 {½-½ (37) Lintchevski,D (2553)-Akesson,R (2429) Pardubice 2011}) 12... Nb6 {White has an edge.} 13. Bb3 Nd5 14. Bg3 a5 $146 ({Predecessor:} 14... Rc8 15. Bc2 Bxc2 16. Qxc2 {1-0 (42) Merkel,G (1509)-Brehme,R (1823) Woerrstadt 1999}) 15. a3 Nf6 16. Qe2 c5 17. dxc5 Bxc5 18. Bh4 Be7 (18... Qc7 $11 {keeps the balance.}) 19. Rad1 Qb6 20. Ba2 {And now Bxf6 would win.} Rfd8 21. Bxf6 gxf6 22. Ng4 {[%cal Be5g4,Bg4e3,Be3c4][%mdl 32]} Bg6 23. Ne3 Bc5 24. Nc4 Qc7 25. Qf3 Rxd1 26. Rxd1 Rd8 27. Re1 $2 {[#]} (27. b4 $11 {and White has nothing to worry.} Rxd1+ 28. Qxd1 axb4 29. axb4) 27... b5 $19 28. Ne3 Rd2 29. Re2 (29. Bb1 {is a better defense.}) 29... Qd6 30. g3 Bxe3 31. Qxe3 Rd3 32. Qh6 (32. Qf4 $142 Rd1+ 33. Kg2) 32... Rd1+ 33. Kg2 {If only White now had time for Bb3....} Bd3 34. Re3 Bf1+ 35. Kf3 Qc6+ $2 {[#]} (35... Qd8 $19 {Hoping for ...Rd5!} 36. Qh4 a4 37. Qg4+ Kh8 38. Bxe6 fxe6 39. Qxe6 Bc4) 36. Kg4 $17 f5+ (36... e5 $17 {( -> ...Qd7+)} 37. Kh4 Rd6) 37. Kh4 {The position is equal.} Bc4 ({Much worse is} 37... Qg2 $6 38. Kg5 $16) 38. Qg5+ Kf8 39. Qh6+ Ke8 {[%mdl 32768] Accuracy: White = 47%, Black = 58%. . Sensor Board Error (Ke4/e5)?} 1-0

[Event "9th Sharjah Cup Women 2018"]
[Site "Sharjah"]
[Date "2018.12.15"]
[Round "3"]
[White "Mona, Khaled"]
[Black "Cornette, Deimante"]
[Result "0-1"]
[WhiteElo "2158"]
[BlackElo "2455"]
[Annotator "TA"]
[PlyCount "50"]
[EventDate "2018.12.14"]
[EventType "swiss"]
[EventCountry "UAE"]
[SourceTitle "playchess.com"]
[Source "ChessBase"]
[SourceQuality "1"]

{[%evp 11,50,1,1,-4,1,-19,-22,-16,-14,-29,-38,-83,-61,-142,-148,-144,-134,-234,-183,-237,-232,-306,-308,-307,-295,-301,-308,-308,-309,-302,-294,-425,-435,-514,-516,-505,-467,-556,-549,-517,-510]} 1. d4 Nf6 2. c4 g6 3. Nc3 Bg7 4. Nf3 O-O 5. Bf4 d6 6. e3 c5 {LiveBook: 83 Games} 7. dxc5 {E61: King's Indian: Early deviations for White, including Smyslov System} (7. d5 Qb6 8. Rb1 e5 9. Bg5 Bf5 10. Bd3 Bxd3 11. Qxd3 Nbd7 12. Nd2 Rae8 13. a3 a6 14. f3 Qc7 {½-½ (37) Ivanchuk,V (2781)-Radjabov,T (2744) Sochi 2008}) 7... dxc5 8. Qxd8 Rxd8 9. Be2 {The position is equal.} Nc6 10. h3 Bf5 11. O-O $146 ({Predecessor:} 11. g4 Nb4 12. O-O Bd3 13. Rae1 Ne4 14. Bxd3 Nxc3 15. Bxg6 hxg6 16. bxc3 Nxa2 {0-1 (36) Longo,C (1781)-Hartmann,J (1934) Willingen 2015}) 11... Ne4 12. Nxe4 ({White should play} 12. Na4 $15) 12... Bxe4 $17 13. Ng5 Bc2 14. a3 (14. Rac1 $17 Rd2 15. Rce1) 14... Rd2 15. Rfe1 (15. Bf3 {keeps fighting.}) 15... Bxb2 $19 16. Ra2 Bb3 {[%mdl 64] [#] Trapped Piece} 17. Ne4 Bxa2 18. Nxd2 Rd8 19. Ne4 b6 20. Bf3 {White wants to play Re2.} Na5 ({Don't play} 20... Bxc4 21. Nxc5 Bxa3 22. Nd7 $19) 21. Re2 (21. Nxc5 {is a better defense.} bxc5 22. Bc7) 21... Nxc4 {Black is clearly winning.} 22. a4 Bb3 23. a5 Bd1 24. Bc7 Rd7 25. axb6 axb6 {Accuracy: White = 28%, Black = 85%.} 0-1

[Event "9th Sharjah Cup Women 2018"]
[Site "Sharjah"]
[Date "2018.12.15"]
[Round "3"]
[White "Hallaeva, Bahar"]
[Black "Khukhashvili, Sopiko"]
[Result "1-0"]
[WhiteElo "2133"]
[BlackElo "2338"]
[Annotator "NA"]
[PlyCount "81"]
[EventDate "2018.12.14"]
[EventType "swiss"]
[EventCountry "UAE"]
[SourceTitle "playchess.com"]
[Source "ChessBase"]
[SourceQuality "1"]
[TimeControl "5400+30"]

1. e4 {[%emt 0:00:00]} e5 {[%emt 0:00:00]} 2. Nf3 {[%emt 0:00:00]} Nc6 {[%emt 0:00:00]} 3. Bc4 {[%emt 0:00:00]} Nf6 {[%emt 0:02:12]} 4. d3 {[%emt 0:00:00]} h6 {[%emt 0:00:04]} 5. c3 {[%emt 0:01:29]} d6 {[%emt 0:01:13]} 6. Nbd2 {[%emt 0:01:21]} g5 {[%emt 0:00:17]} 7. h3 {[%emt 0:05:52]} Bg7 {[%emt 0:01:29]} 8. Nf1 {[%emt 0:04:45]} Ne7 {[%emt 0:08:17]} 9. Ng3 {[%emt 0:07:33]} O-O {[%emt 0:07:20]} 10. Bb3 {[%emt 0:06:27]} Bd7 {[%emt 0:02:15]} 11. Be3 {[%emt 0:02:22]} Qc8 {[%emt 0:03:27]} 12. Qd2 {[%emt 0:04:04]} Ng6 {[%emt 0:01:46]} 13. O-O-O {[%emt 0:06:37]} Be6 {[%emt 0:01:55]} 14. Bxe6 {[%emt 0:01:33]} Qxe6 {[%emt 0:03:18]} 15. Kb1 {[%emt 0:01:56]} d5 {[%emt 0:05:36]} 16. h4 {[%emt 0:10:34]} g4 {[%emt 0:00:52]} 17. Bxh6 {[%emt 0:03:34]} dxe4 {[%emt 0:07:45]} 18. Bxg7 {[%emt 0:09:05]} Kxg7 {[%emt 0:00:03]} 19. Ng5 {[%emt 0:00:18]} Qc6 {[%emt 0:00:37]} 20. Nf5+ {[%emt 0:03:49]} Kh8 {[%emt 0:00:22]} 21. Ne6 {[%emt 0:01:36]} Nf4 {[%emt 0:04:41]} 22. Nxf4 {[%emt 0:03:32]} exf4 {[%emt 0:01:20]} 23. Qxf4 {[%emt 0:00:11]} Nh5 {[%emt 0:02:18]} 24. Qxg4 {[%emt 0:01:05]} Qg6 {[%emt 0:00:03]} 25. Qxe4 {[%emt 0:00:32]} Rfe8 {[%emt 0:00:32]} 26. Qf3 {[%emt 0:01:00]} Re5 {[%emt 0:00:47]} 27. g4 {[%emt 0:03:02]} Rae8 {[%emt 0:01:10]} 28. Ne3 {[%emt 0:02:40]} Ng7 {[%emt 0:00:55]} 29. h5 {[%emt 0:01:16]} Qh6 {[%emt 0:00:54]} 30. Qxf7 {[%emt 0:00:41]} R8e7 {[%emt 0:00:31]} 31. Qf8+ {[%emt 0:01:34]} Kh7 {[%emt 0:00:03]} 32. Nd5 {[%emt 0:03:43]} R7e6 {[%emt 0:00:07]} 33. f4 {[%emt 0:02:21]} Rxd5 {[%emt 0:01:52]} 34. g5 {[%emt 0:00:05]} Rxg5 {[%emt 0:00:17]} 35. fxg5 {[%emt 0:00:03]} Qxg5 {[%emt 0:00:04]} 36. Rdg1 {[%emt 0:01:03]} Rf6 {[%emt 0:00:13]} 37. Rxg5 {[%emt 0:02:16]} Rxf8 {[%emt 0:00:39]} 38. h6 {[%emt 0:00:44]} Ne6 {[%emt 0:00:30]} 39. Re5 {[%emt 0:00:08]} Rf6 {[%emt 0:00:02]} 40. d4 {[%emt 0:00:57]} c6 {[%emt 0:00:03]} 41. Ree1 {[%emt 0:02:02]} 1-0

[Event "9th Sharjah Cup Women 2018"]
[Site "Sharjah"]
[Date "2018.12.15"]
[Round "3"]
[White "Alieva, Alexandra"]
[Black "Velikic, Adela"]
[Result "0-1"]
[WhiteElo "2102"]
[BlackElo "2298"]
[Annotator "NA"]
[PlyCount "46"]
[EventDate "2018.12.14"]
[EventType "swiss"]
[EventCountry "UAE"]
[SourceTitle "playchess.com"]
[Source "ChessBase"]
[SourceQuality "1"]
[TimeControl "5400+30"]

1. e4 {[%emt 0:00:00]} e6 {[%emt 0:00:00]} 2. d4 {[%emt 0:00:00]} d5 {[%emt 0:00:00]} 3. Nd2 {[%emt 0:00:00]} c5 {[%emt 0:00:00]} 4. c3 {[%emt 0:00:02]} cxd4 {[%emt 0:00:00]} 5. cxd4 {[%emt 0:00:06]} dxe4 {[%emt 0:00:04]} 6. Nxe4 {[%emt 0:00:06]} Nf6 {[%emt 0:00:08]} 7. Nc3 {[%emt 0:00:06]} Bd7 {[%emt 0:01:05]} 8. Nf3 {[%emt 0:00:40]} Bc6 {[%emt 0:01:43]} 9. Bd3 {[%emt 0:06:21]} Nbd7 {[%emt 0:01:36]} 10. O-O {[%emt 0:00:28]} Be7 {[%emt 0:00:29]} 11. Bc2 {[%emt 0:05:12]} Qc7 {[%emt 0:05:05]} 12. Bg5 {[%emt 0:01:08]} O-O {[%emt 0:00:40]} 13. Qd3 {[%emt 0:01:38]} Rfd8 {[%emt 0:08:59]} 14. Bh4 {[%emt 0:14:38]} Rac8 {[%emt 0:16:50]} 15. Rfe1 {[%emt 0:14:03]} Qb6 {[%emt 0:09:26]} 16. Ng5 {[%emt 0:26:01]} Nf8 {[%emt 0:07:24]} 17. Rad1 {[%emt 0:04:39]} Qxb2 {[%emt 0:08:42]} 18. Bb3 {[%emt 0:08:39]} Bb4 {[%emt 0:11:20]} 19. Rc1 {[%emt 0:07:01]} Bd5 {[%emt 0:07:21]} 20. Bxd5 {[%emt 0:05:28]} Rxc3 {[%emt 0:01:52]} 21. Qb1 {[%emt 0:03:05]} Rxc1 {[%emt 0:02:38]} 22. Rxc1 {[%emt 0:00:06]} Qxb1 {[%emt 0:00:53]} 23. Rxb1 {[%emt 0:00:04]} Nxd5 {[%emt 0:00:49]} 0-1

[Event "9th Sharjah Cup Women 2018"]
[Site "Sharjah"]
[Date "2018.12.15"]
[Round "3"]
[White "Patil, Mitali"]
[Black "Kulkarni Bhakti"]
[Result "0-1"]
[WhiteElo "2081"]
[BlackElo "2283"]
[Annotator "NA"]
[PlyCount "96"]
[EventDate "2018.12.14"]
[EventType "swiss"]
[EventCountry "UAE"]
[SourceTitle "playchess.com"]
[Source "ChessBase"]
[SourceQuality "1"]
[TimeControl "5400+30"]

1. e4 {[%emt 0:00:00]} e6 {[%emt 0:00:12]} 2. d4 {[%emt 0:00:19]} d5 {[%emt 0:00:14]} 3. exd5 {[%emt 0:00:11]} exd5 {[%emt 0:00:04]} 4. Bd3 {[%emt 0:00:16]} Nc6 {[%emt 0:00:54]} 5. c3 {[%emt 0:00:06]} Bd6 {[%emt 0:00:23]} 6. Qf3 {[%emt 0:00:32]} Nge7 {[%emt 0:01:07]} 7. Ne2 {[%emt 0:01:20]} O-O {[%emt 0:02:06]} 8. Bg5 {[%emt 0:06:21]} Qd7 {[%emt 0:04:55]} 9. h3 {[%emt 0:04:14]} Re8 {[%emt 0:02:31]} 10. Nd2 {[%emt 0:08:21]} Rb8 {[%emt 0:10:20]} 11. O-O {[%emt 0:04:01]} h6 {[%emt 0:09:10]} 12. Bf4 {[%emt 0:01:40]} Nd8 {[%emt 0:03:12]} 13. Qg3 {[%emt 0:04:02]} Bxf4 {[%emt 0:05:50]} 14. Nxf4 {[%emt 0:00:34]} Qd6 {[%emt 0:00:39]} 15. Rfe1 {[%emt 0:03:02]} Ne6 {[%emt 0:01:29]} 16. Nh5 {[%emt 0:01:35]} Qxg3 {[%emt 0:00:27]} 17. Nxg3 {[%emt 0:00:02]} Nf4 {[%emt 0:01:00]} 18. Bc2 {[%emt 0:02:54]} Bd7 {[%emt 0:01:48]} 19. Nf3 {[%emt 0:09:27]} Neg6 {[%emt 0:04:36]} 20. Re3 {[%emt 0:02:54]} Rxe3 {[%emt 0:06:54]} 21. fxe3 {[%emt 0:00:06]} Ne6 {[%emt 0:00:07]} 22. Bxg6 {[%emt 0:04:20]} fxg6 {[%emt 0:03:51]} 23. Ne5 {[%emt 0:00:04]} Be8 {[%emt 0:00:17]} 24. Rf1 {[%emt 0:02:08]} Rd8 {[%emt 0:03:26]} 25. Ne2 {[%emt 0:05:40]} Nf8 {[%emt 0:06:06]} 26. Nf4 {[%emt 0:04:41]} g5 {[%emt 0:01:46]} 27. Nfd3 {[%emt 0:01:24]} b6 {[%emt 0:00:36]} 28. Kf2 {[%emt 0:06:33]} Nh7 {[%emt 0:00:49]} 29. Ke1 {[%emt 0:07:13]} Nf6 {[%emt 0:00:58]} 30. Nb4 {[%emt 0:06:51]} Rd6 {[%emt 0:02:15]} 31. Rf3 {[%emt 0:03:40]} Bb5 {[%emt 0:02:23]} 32. Nbd3 {[%emt 0:02:17]} a5 {[%emt 0:02:45]} 33. Nf2 {[%emt 0:05:42]} Be8 {[%emt 0:01:14]} 34. Nfd3 {[%emt 0:02:34]} Kf8 {[%emt 0:00:54]} 35. Ng4 {[%emt 0:01:36]} Ke7 {[%emt 0:00:24]} 36. Nde5 {[%emt 0:00:27]} Bh5 {[%emt 0:01:08]} 37. Rf1 {[%emt 0:00:36]} Ne4 {[%emt 0:00:43]} 38. Rf5 {[%emt 0:00:29]} Be8 {[%emt 0:03:19]} 39. Nf2 {[%emt 0:00:14]} Nf6 {[%emt 0:00:57]} 40. Kd2 {[%emt 0:00:33]} Bh5 {[%emt 0:00:37]} 41. Neg4 {[%emt 0:00:45]} Bg6 {[%emt 0:00:39]} 42. Rf3 {[%emt 0:00:32]} c5 {[%emt 0:02:10]} 43. Ne5 {[%emt 0:00:03]} Bh7 {[%emt 0:00:34]} 44. Rg3 {[%emt 0:00:37]} Kf8 {[%emt 0:02:33]} 45. Rf3 {[%emt 0:00:06]} Kg8 {[%emt 0:01:04]} 46. Nfd3 {[%emt 0:01:03]} Be4 {[%emt 0:01:18]} 47. Rf2 {[%emt 0:00:08]} c4 {[%emt 0:00:12]} 48. Ne1 {[%emt 0:00:27]} Bb1 {[%emt 0:00:21]} 0-1

[Event "9th Sharjah Cup Women 2018"]
[Site "Sharjah"]
[Date "2018.12.15"]
[Round "3"]
[White "Mezioud, Amina"]
[Black "Zozulia, Anna"]
[Result "1-0"]
[WhiteElo "2065"]
[BlackElo "2270"]
[Annotator "NA"]
[PlyCount "92"]
[EventDate "2018.12.14"]
[EventType "swiss"]
[EventCountry "UAE"]
[SourceTitle "playchess.com"]
[Source "ChessBase"]
[SourceQuality "1"]
[TimeControl "5400+30"]

1. e4 g6 {[%emt 0:00:10]} 2. d4 {[%emt 0:00:10]} Bg7 {[%emt 0:00:05]} 3. Be3 {[%emt 0:00:19]} d6 {[%emt 0:00:15]} 4. Nc3 {[%emt 0:00:14]} a6 5. Qd2 {[%emt 0:02:25]} Nd7 {[%emt 0:01:38]} 6. Nf3 {[%emt 0:00:30]} b6 {[%emt 0:12:14]} 7. Be2 {[%emt 0:02:14]} Bb7 {[%emt 0:00:34]} 8. Ng5 {[%emt 0:06:18]} h6 {[%emt 0:03:36]} 9. Nh3 {[%emt 0:00:22]} Ngf6 {[%emt 0:06:58]} 10. f3 {[%emt 0:01:35]} c5 {[%emt 0:05:41]} 11. a4 {[%emt 0:05:18]} cxd4 {[%emt 0:04:56]} 12. Bxd4 {[%emt 0:01:25]} Rc8 {[%emt 0:06:58]} 13. Nf2 {[%emt 0:03:29]} h5 {[%emt 0:09:27]} 14. f4 {[%emt 0:02:41]} e5 {[%emt 0:13:44]} 15. Be3 {[%emt 0:02:34]} Nc5 {[%emt 0:03:24]} 16. Bf3 {[%emt 0:06:51]} O-O {[%emt 0:09:23]} 17. O-O {[%emt 0:02:49]} exf4 {[%emt 0:06:31]} 18. Bxf4 {[%emt 0:00:47]} Ne8 {[%emt 0:05:48]} 19. Rfd1 {[%emt 0:08:37]} Ne6 {[%emt 0:00:30]} 20. Be2 {[%emt 0:05:56]} Nc5 {[%emt 0:00:30]} 21. Ra3 {[%emt 0:00:30]} Qe7 {[%emt 0:04:02]} 22. Be3 {[%emt 0:12:11]} Qc7 {[%emt 0:01:44]} 23. Bh6 {[%emt 0:01:36]} Nd7 {[%emt 0:00:51]} 24. Bxg7 {[%emt 0:01:42]} Kxg7 {[%emt 0:00:30]} 25. Qd4+ {[%emt 0:01:37]} Ne5 {[%emt 0:00:30]} 26. Bxh5 {[%emt 0:00:30]} Qc5 {[%emt 0:01:59]} 27. Be2 {[%emt 0:04:52]} Qxd4 {[%emt 0:00:49]} 28. Rxd4 Nd7 {[%emt 0:00:39]} 29. Bd1 {[%emt 0:01:48]} Nc5 {[%emt 0:00:26]} 30. Nd5 {[%emt 0:02:43]} Bxd5 {[%emt 0:00:28]} 31. Rxd5 {[%emt 0:00:35]} Rc6 {[%emt 0:00:35]} 32. b4 {[%emt 0:01:23]} Nd7 {[%emt 0:00:12]} 33. Be2 {[%emt 0:04:14]} Rxc2 {[%emt 0:00:43]} 34. Bxa6 {[%emt 0:01:04]} Nc7 {[%emt 0:00:29]} 35. Rxd6 {[%emt 0:01:19]} Nxa6 {[%emt 0:00:35]} 36. Rxd7 {[%emt 0:00:24]} Nxb4 {[%emt 0:00:09]} 37. h3 {[%emt 0:00:27]} Na6 {[%emt 0:00:51]} 38. Rd6 {[%emt 0:02:25]} Nc5 {[%emt 0:00:31]} 39. Rxb6 {[%emt 0:00:54]} Rc4 {[%emt 0:00:21]} 40. a5 {[%emt 0:01:36]} Nxe4 {[%emt 0:00:15]} 41. Nxe4 {[%emt 0:01:33]} Rxe4 {[%emt 0:00:03]} 42. Rb7 {[%emt 0:02:36]} Ra8 {[%emt 0:01:20]} 43. a6 {[%emt 0:00:43]} Kf8 {[%emt 0:00:17]} 44. a7 {[%emt 0:00:40]} Re7 {[%emt 0:00:03]} 45. Rb8+ {[%emt 0:00:24]} Re8 {[%emt 0:00:03]} 46. Rxe8+ {[%emt 0:00:37]} Kxe8 {[%emt 0:00:04]} 1-0

[Event "9th Sharjah Cup Women 2018"]
[Site "Sharjah"]
[Date "2018.12.15"]
[Round "3"]
[White "Samaganova, Alexandra"]
[Black "Kiolbasa, Oliwia"]
[Result "0-1"]
[WhiteElo "2038"]
[BlackElo "2244"]
[Annotator "NA"]
[PlyCount "50"]
[EventDate "2018.12.14"]
[EventType "swiss"]
[EventCountry "UAE"]
[SourceTitle "playchess.com"]
[Source "ChessBase"]
[SourceQuality "1"]
[TimeControl "5400+30"]

1. c4 {[%emt 0:00:00]} b6 {[%emt 0:00:00]} 2. Nf3 {[%emt 0:00:06]} Bb7 {[%emt 0:00:00]} 3. e3 {[%emt 0:00:37]} Nf6 {[%emt 0:00:15]} 4. b3 {[%emt 0:00:59]} e6 {[%emt 0:01:26]} 5. Bb2 {[%emt 0:00:36]} d5 {[%emt 0:02:02]} 6. Nc3 {[%emt 0:01:20]} a6 {[%emt 0:00:27]} 7. Be2 {[%emt 0:05:24]} Bd6 {[%emt 0:00:42]} 8. O-O {[%emt 0:00:34]} O-O {[%emt 0:00:11]} 9. Qc2 {[%emt 0:01:30]} Nbd7 {[%emt 0:02:04]} 10. Rfd1 {[%emt 0:06:41]} Qe7 {[%emt 0:06:55]} 11. Rac1 {[%emt 0:04:18]} c5 {[%emt 0:01:18]} 12. d4 {[%emt 0:06:52]} dxc4 {[%emt 0:00:14]} 13. bxc4 {[%emt 0:00:46]} cxd4 {[%emt 0:00:25]} 14. exd4 {[%emt 0:10:59]} Rac8 {[%emt 0:03:35]} 15. Qb3 {[%emt 0:04:15]} Rfd8 {[%emt 0:06:39]} 16. Na4 {[%emt 0:09:31]} b5 {[%emt 0:06:42]} 17. cxb5 {[%emt 0:12:53]} Bd5 {[%emt 0:00:22]} 18. Qd3 {[%emt 0:00:34]} axb5 {[%emt 0:01:28]} 19. Rxc8 {[%emt 0:11:11]} Rxc8 {[%emt 0:00:22]} 20. Qxb5 {[%emt 0:00:40]} Rb8 {[%emt 0:01:32]} 21. Qa6 {[%emt 0:02:25]} Ra8 {[%emt 0:13:52]} 22. Qb5 {[%emt 0:00:30]} Ne8 {[%emt 0:21:21]} 23. Rc1 {[%emt 0:16:33]} Nc7 {[%emt 0:01:29]} 24. Rxc7 {[%emt 0:00:28]} Bxc7 {[%emt 0:00:10]} 25. Bc1 {[%emt 0:02:14]} Ra5 {[%emt 0:01:02]} 0-1

[Event "9th Sharjah Cup Women 2018"]
[Site "Sharjah"]
[Date "2018.12.15"]
[Round "3"]
[White "Boshra, Alshaeby"]
[Black "Mkrtchian, Lilit"]
[Result "0-1"]
[WhiteElo "2019"]
[BlackElo "2392"]
[Annotator "NA"]
[PlyCount "74"]
[EventDate "2018.12.14"]
[EventType "swiss"]
[EventCountry "UAE"]
[SourceTitle "playchess.com"]
[Source "ChessBase"]
[SourceQuality "1"]
[TimeControl "5400+30"]

1. d4 {[%emt 0:00:00]} Nf6 {[%emt 0:00:00]} 2. c4 {[%emt 0:00:00]} e6 {[%emt 0:00:04]} 3. Nc3 {[%emt 0:00:00]} Bb4 {[%emt 0:00:26]} 4. Qc2 {[%emt 0:00:06]} b6 {[%emt 0:07:43]} 5. a3 {[%emt 0:00:33]} Bxc3+ {[%emt 0:00:13]} 6. Qxc3 {[%emt 0:00:05]} Bb7 {[%emt 0:00:14]} 7. Bg5 {[%emt 0:00:26]} h6 {[%emt 0:06:10]} 8. Bh4 {[%emt 0:00:08]} g5 {[%emt 0:01:59]} 9. Bg3 {[%emt 0:00:05]} Ne4 {[%emt 0:00:03]} 10. Qc2 {[%emt 0:00:10]} d6 {[%emt 0:04:40]} 11. e3 {[%emt 0:00:29]} f5 {[%emt 0:03:10]} 12. Ne2 {[%emt 0:04:51]} h5 {[%emt 0:01:57]} 13. f3 {[%emt 0:02:11]} h4 {[%emt 0:02:12]} 14. fxe4 {[%emt 0:04:19]} Bxe4 {[%emt 0:00:46]} 15. Qc3 {[%emt 0:06:23]} hxg3 {[%emt 0:00:48]} 16. d5 {[%emt 0:05:24]} Rxh2 {[%emt 0:07:11]} 17. Rxh2 {[%emt 0:01:02]} gxh2 {[%emt 0:02:54]} 18. Qh8+ {[%emt 0:00:26]} Kd7 {[%emt 0:00:25]} 19. dxe6+ {[%emt 0:00:38]} Kc8 {[%emt 0:00:44]} 20. Qxh2 {[%emt 0:00:41]} Qf6 {[%emt 0:00:46]} 21. Nd4 {[%emt 0:02:06]} Nc6 {[%emt 0:03:14]} 22. c5 {[%emt 0:19:24]} Nxd4 {[%emt 0:06:05]} 23. Ba6+ {[%emt 0:08:33]} Bb7 {[%emt 0:03:26]} 24. e7 {[%emt 0:00:14]} Nc2+ {[%emt 0:11:11]} 25. Kd2 {[%emt 0:01:13]} Qxe7 {[%emt 0:00:13]} 26. c6 {[%emt 0:05:22]} Bxa6 {[%emt 0:25:21]} 27. Qh8+ {[%emt 0:00:06]} Qd8 {[%emt 0:00:05]} 28. Rh1 {[%emt 0:00:06]} Bb5 {[%emt 0:00:51]} 29. Qc3 {[%emt 0:06:05]} Nxe3 {[%emt 0:08:18]} 30. Rh8 {[%emt 0:01:13]} Nc4+ {[%emt 0:00:06]} 31. Kc1 {[%emt 0:00:33]} Ne5 {[%emt 0:00:05]} 32. Rxd8+ {[%emt 0:00:46]} Kxd8 {[%emt 0:00:03]} 33. Qb3 {[%emt 0:01:27]} Bxc6 {[%emt 0:00:17]} 34. Qg8+ {[%emt 0:00:07]} Kd7 {[%emt 0:01:07]} 35. Qg7+ {[%emt 0:01:12]} Kc8 {[%emt 0:01:02]} 36. Qxg5 {[%emt 0:00:13]} Be4 {[%emt 0:00:21]} 37. a4 {[%emt 0:00:47]} a5 {[%emt 0:00:18]} 0-1

[Event "9th Sharjah Cup Women 2018"]
[Site "Sharjah"]
[Date "2018.12.15"]
[Round "3"]
[White "Novikova, Margarita"]
[Black "Mira, Husain Al Hammadi"]
[Result "1-0"]
[WhiteElo "2017"]
[BlackElo "1084"]
[Annotator "NA"]
[PlyCount "75"]
[EventDate "2018.12.14"]
[EventType "swiss"]
[EventCountry "UAE"]
[SourceTitle "playchess.com"]
[Source "ChessBase"]
[SourceQuality "1"]
[TimeControl "5400+30"]

1. d4 {[%emt 0:01:17]} d5 {[%emt 0:00:00]} 2. Nf3 {[%emt 0:00:18]} Nf6 {[%emt 0:00:03]} 3. Bf4 {[%emt 0:00:10]} Bf5 {[%emt 0:00:55]} 4. e3 {[%emt 0:00:32]} e6 {[%emt 0:00:36]} 5. Bd3 {[%emt 0:03:44]} Bg6 {[%emt 0:01:34]} 6. Ne5 {[%emt 0:00:22]} Bd6 {[%emt 0:00:41]} 7. c4 {[%emt 0:04:20]} Bxe5 {[%emt 0:07:18]} 8. Bxe5 {[%emt 0:04:15]} c6 {[%emt 0:00:28]} 9. cxd5 {[%emt 0:01:29]} cxd5 {[%emt 0:00:29]} 10. Bxg6 {[%emt 0:00:19]} hxg6 {[%emt 0:00:17]} 11. Qb3 {[%emt 0:00:04]} Qb6 {[%emt 0:02:36]} 12. Qxb6 {[%emt 0:01:57]} axb6 {[%emt 0:00:08]} 13. Nc3 {[%emt 0:00:19]} Nbd7 {[%emt 0:00:23]} 14. Bd6 {[%emt 0:01:11]} Ra6 {[%emt 0:00:58]} 15. Nb5 {[%emt 0:00:31]} Ra5 {[%emt 0:01:04]} 16. a4 {[%emt 0:02:35]} Ne4 {[%emt 0:01:57]} 17. Bb4 {[%emt 0:01:34]} Ra8 {[%emt 0:00:39]} 18. Nc7+ {[%emt 0:00:13]} Kd8 {[%emt 0:00:31]} 19. Nxa8 {[%emt 0:00:08]} Kc8 {[%emt 0:00:21]} 20. a5 {[%emt 0:00:29]} bxa5 {[%emt 0:00:49]} 21. Bxa5 {[%emt 0:00:23]} g5 {[%emt 0:00:56]} 22. Nb6+ {[%emt 0:00:12]} Nxb6 {[%emt 0:00:09]} 23. Bxb6 {[%emt 0:00:06]} Kd7 {[%emt 0:00:22]} 24. f3 {[%emt 0:01:27]} Nf6 {[%emt 0:00:58]} 25. Rc1 {[%emt 0:00:17]} Ra8 {[%emt 0:01:52]} 26. O-O {[%emt 0:00:50]} Ra6 {[%emt 0:00:13]} 27. Bc5 {[%emt 0:00:45]} Rc6 {[%emt 0:01:18]} 28. b4 {[%emt 0:00:23]} b6 {[%emt 0:01:10]} 29. b5 {[%emt 0:00:04]} Rc8 {[%emt 0:00:27]} 30. Bxb6 {[%emt 0:00:08]} Rb8 {[%emt 0:00:18]} 31. Rc7+ {[%emt 0:00:35]} Ke8 {[%emt 0:00:20]} 32. Bc5 {[%emt 0:00:31]} Rxb5 {[%emt 0:00:33]} 33. Ra1 {[%emt 0:00:06]} Rb8 {[%emt 0:00:20]} 34. Re7+ {[%emt 0:00:10]} Kf8 {[%emt 0:00:22]} 35. Rb7+ {[%emt 0:00:05]} Ke8 {[%emt 0:00:20]} 36. Rxb8+ {[%emt 0:00:04]} Kd7 {[%emt 0:00:13]} 37. Ra7+ {[%emt 0:00:14]} Kc6 {[%emt 0:00:14]} 38. Rb6# {[%emt 0:00:06] Ng8 Rxc6} 1-0